000 00854ngm a2200181 a 4500
005 20260417064125.0
008 991125s1973 mx 015 aaspa u
035 _aUPN01000006217
049 _aAV
050 4 _aPVI AC 0598
245 0 0 _aCálculo de probabilidades y sus usos.
260 _aMéxico :
_bCentro Visual Educativo,
_c1973.
300 _a1 videocasete (VHS) (15 min.) :
_bson., col.
520 _aA través de una serie de experimentos se muestra en qué consiste el cálculo, siendo ésta una rama de las matemáticas que consiste básicamente en las posibilidades de predecir un hecho a partir de una probabilidad matemática y sus posibles resultados utilizando por ejemplo la notación de conjuntos
650 4 _aCálculo
_xEstudio y enseñanza
_94502
650 4 _aPROBABILIDADES -
_xESTUDIO Y ENSEÑANZA
_920205
905 _aAudiovisuales
999 _c6217
_d6217